Используйте свой мозг для изменения: Нейро-лингвистическое программирование; пер. с англ.

Bibliographic Details
Main Author: Бэндлер Р. Ричард
Language:Russian
Published: Воронеж, Модэк, 1998
Subjects:
Format: Book
KOHA link:https://koha.lib.tpu.ru/cgi-bin/koha/opac-detail.pl?biblionumber=10113

MARC

LEADER 00000nam0a2200000 4500
001 10113
005 20231101204710.0
010 |a 5893950739 
035 |a (RuTPU)RU\TPU\book\10171 
035 |a BOOK00000018 
090 |a 10113 
100 |a 20011209d1998 km y0rusy50 ca 
101 1 |a rus  |c eng 
102 |a RU 
105 |a y z 000zy 
200 1 |a Используйте свой мозг для изменения  |e Нейро-лингвистическое программирование  |e пер. с англ.  |f Р. Бэндлер 
210 |a Воронеж  |c Модэк  |d 1998 
215 |a 224 с. 
606 1 |a Нейролингвистическое программирование  |2 stltpush  |3 (RuTPU)RU\TPU\subj\45252  |9 64506 
610 1 |a психология 
610 1 |a социальная психология 
610 1 |a личность 
610 1 |a нейролингвистическое программирование 
686 |a Ю952  |v LBC/SL-A  |2 rubbk 
700 1 |a Бэндлер  |b Р.  |g Ричард 
801 0 |a RU  |b 63413507  |c 20011209  |g PSBO 
801 2 |a RU  |b 63413507  |c 20120416  |g PSBO 
942 |c BK